Estatísticas para Países da Europa

Clique aqui para jogar o quiz

Estatísticas Gerais

  • Esse quiz foi jogado 973 vezes
    (586 desde o último reset)
  • A pontuação média é 38 de 45

Estatísticas das Respostas

População País % Correto
10.084.245Portugal
98%
60.765.983França
97%
59.715.625Itália
96%
45.061.270Espanha
96%
83.251.851Alemanha
96%
60.587.000Reino Unido
94%
9.076.744Suécia
94%
142.978.573Rússia
93%
7.301.994Suíça
93%
38.625.478Polônia
92%
10.645.343Grécia
92%
900Cidade do Vaticano
91%
10.274.595Bélgica
91%
4.234.925Irlanda
91%
4.743.193Noruega
90%
46.396.470Ucrânia
89%
5.302.545Finlândia
89%
1.932.917Eslovénia
88%
3.601.138Lituânia
88%
5.368.854Dinamarca
88%
5.422.366Eslováquia
87%
4.490.751Croácia
87%
2.366.515Letónia
87%
10.075.034Hungria
87%
1.415.681Estónia
86%
8.169.929Áustria
86%
31.987Mónaco
85%
312.384Islândia
85%
448.569Luxemburgo
85%
68.403Andorra
84%
626.000Montenegro
82%
22.303.552Roménia
82%
7.780.000Sérvia
82%
3.964.388Bósnia e Herzegovina
82%
7.621.337Bulgária
81%
16.823.700Países Baixos
81%
3.544.841Albânia
80%
397.499Malta
77%
10.256.760República Checa
76%
2.054.800República da Macedónia
75%
2.000.000Kosovo
74%
27.730San Marino
74%
4.434.547Moldávia
69%
32.842Liechtenstein
67%
10.335.382Bielorrússia
64%

Distribuição das Pontuações

Percentil de Números Respondidos

Porcentagem de Pessoas com Cada Pontuação

Sua Pontuação Histórica

Você não jogou esse quiz desde o último reset